[Event "EBONY"]
[Site "http://www.queenalice.com/game.php?id=642099"]
[Date "2009.8.25"]
[Round "-"]
[White "gmsanti"]
[Black "ryrich"]
[Result "1-0"]
[WhiteElo "2108"]
[BlackElo "1100"]

1. Nf3 Nf6 2. c4 e6 3. g3 b6 4. Bg2 Bb7 5. O-O Be7 6. Nc3 O-O 7. d4 d6 8. Qc2 c5
9. dxc5 bxc5 10. e4 Nbd7 11. Rd1 Rb8 12. Bg5 h6 13. Bxf6 Nxf6 14. e5 Nh7 15.
exd6 Bf6 16. b3 Qa5 17. Rac1 Bxc3 18. Qxc3 Qxc3 19. Rxc3 Nf6 20. Re3 Nd7 21. Ne5
Nxe5 22. Rxe5 Bxg2 23. Kxg2 Rfd8 24. Rxc5 Kf8 25. Rc7 a6 26. c5 1-0

[Event "IVORY"]
[Site "http://www.queenalice.com/game.php?id=642100"]
[Date "2009.8.25"]
[Round "-"]
[White "ryrich"]
[Black "gmsanti"]
[Result "0-1"]
[WhiteElo "1100"]
[BlackElo "2101"]

1. e4 e5 2. Nf3 Nc6 3. Bb5 Nf6 4. O-O Nxe4 5. d4 Nd6 6. Bxc6 dxc6 7. dxe5 Nf5 8.
Qxd8+ Kxd8 9. Rd1+ Ke8 10. Bg5 Be6 11. Nc3 h6 12. Bd2 Rd8 13. Be1 Be7 14. Rxd8+
Kxd8 15. Rd1+ Kc8 16. g4 Nh4 17. Nxh4 Bxh4 18. f3 Be7 19. h3 h5 20. Kg2 hxg4 21.
fxg4 b6 22. a3 Kb7 23. Bf2 c5 24. Nd5 Bg5 25. Ne3 Bf4 26. b3 Bxe5 27. a4 Bf6 28.
Nd5 Rd8 29. Ne3 Rxd1 30. Nxd1 Bd5+ 31. Kf1 Be4 32. Ne3 Bd4 33. Ke2 Bxe3 34. Kxe3
Bxc2 0-1

[Event "Let's Play Chess!"]
[Site "http://www.queenalice.com/game.php?id=642108"]
[Date "2009.8.25"]
[Round "-"]
[White "Saintsalles"]
[Black "ryrich"]
[Result "0-1"]
[WhiteElo "1780"]
[BlackElo "1100"]

1. e4 e5 2. Bc4 Nc6 3. c3 Nf6 4. d3 Bc5 5. Bg5 d6 6. b4 Bb6 7. a4 a6 8. b5 axb5
9. Bxb5 O-O 10. Bxc6 bxc6 11. Nd2 h6 12. Nc4 hxg5 13. h3 d5 14. exd5 cxd5 15.
Nxb6 cxb6 16. Nf3 Nd7 17. Qd2 Nc5 18. Nxg5 Nb3 19. Nxf7 Rxf7 20. Qb2 Nxa1 21.
Qxa1 Qf6 22. O-O Qg6 23. Qd1 Bxh3 24. g4 Bxf1 25. Kxf1 Raf8 26. Qe2 Rxf2+ 27.
Qxf2 Qxd3+ 28. Kg2 Rxf2+ 29. Kxf2 e4 0-1

[Event "Let's Play Chess!"]
[Site "http://www.queenalice.com/game.php?id=642462"]
[Date "2009.8.26"]
[Round "-"]
[White "Ekensberg"]
[Black "ryrich"]
[Result "1-0"]
[WhiteElo "2018"]
[BlackElo "1132"]

1. e4 c5 2. Nf3 e6 3. d4 cxd4 4. Nxd4 Nc6 5. Be3 Nf6 6. Nc3 a6 7. a3 Qc7 8. Be2
Be7 9. O-O O-O 10. f4 Nxd4 11. Bxd4 b5 12. Bf3 Bb7 13. Qd2 Rac8 14. Rad1 b4 15.
axb4 d5 16. exd5 Nxd5 17. Nxd5 exd5 18. c3 Bd6 19. g3 Rce8 20. Rde1 Qd7 21. Qg2
Bb8 22. Bc5 Bd6 23. Bxd6 Qxd6 24. Rd1 Rd8 25. Rd2 Rd7 26. Rfd1 Qb6+ 27. Kh1 Qb5
28. Bxd5 Bxd5 29. Rxd5 Rxd5 30. Rxd5 Qa4 31. h3 Re8 32. Qd2 Qc6 33. Kh2 h6 34.
Qd3 Qb6 35. Qd2 Qe6 36. Re5 Qc6 37. Rxe8+ Qxe8 38. h4 Qe4 39. Qd8+ Kh7 40. Qd2
Qc4 41. Qc2+ g6 42. Qd2 h5 43. Qd1 Kh6 44. Qd2 Kh7 45. Qf2 Qb5 46. Qd2 Qc4 47.
Qf2 Qb5 48. Qc2 Kg7 49. Qd2 Kh7 50. Qc2 Kg7 51. Qd2 Kf6 52. Qd4+ Ke6 53. Qe5+
Qxe5 54. fxe5 Kxe5 55. c4 f6 56. c5 1-0

[Event "Let's Play Chess!"]
[Site "http://www.queenalice.com/game.php?id=642463"]
[Date "2009.8.26"]
[Round "-"]
[White "ryrich"]
[Black "Ekensberg"]
[Result "1/2-1/2"]
[WhiteElo "1100"]
[BlackElo "1980"]

1. d4 e6 2. c4 d5 3. Nc3 c6 4. Nf3 Nf6 5. Bg5 Be7 6. e3 O-O 7. Bd3 h6 8. Bf4
Nbd7 9. O-O dxc4 10. Bxc4 Nd5 11. Bg3 N7f6 12. Re1 Bd7 13. e4 Nxc3 14. bxc3 Qa5
15. Qd2 Rad8 16. e5 Nd5 17. Bxd5 cxd5 18. Bf4 Kh7 19. Qd3+ Kg8 20. Qd2 Kh7 21.
h3 Rc8 22. Qd3+ Kg8 23. Bd2 Qc7 24. Nh2 a6 25. Ng4 Bb5 26. Qg3 Kh8 27. Rac1 Ba3
28. Qh4 Bxc1 29. Bxh6 Bxh6 30. Nxh6 gxh6 31. Qxh6+ Kg8 32. Re3 Qxc3 33. Qg5+ Kh7
34. Qh5+ Kg7 35. Qg5+ Kh7 1/2-1/2

[Event "ROCK "]
[Site "http://www.queenalice.com/game.php?id=643041"]
[Date "2009.8.27"]
[Round "-"]
[White "ryrich"]
[Black "Aldino"]
[Result "1-0"]
[WhiteElo "1100"]
[BlackElo "2054"]

1. e4 e5 2. Nf3 Nc6 3. Bb5 Qf6 4. O-O a6 5. Ba4 Bc5 6. c3 Nh6 7. Bxc6 bxc6 8. d4
Bd6 9. Bg5 Qg6 10. dxe5 Bxe5 11. Bxh6 Bxh2+ 12. Nxh2 Qxh6 13. Nd2 O-O 14. Ng4
Qg6 15. Ne5 Qe6 16. Nef3 Bb7 17. Qb3 Qxb3 18. Nxb3 Rae8 19. Rfe1 d6 20. Nfd4 c5
21. Na5 Bxe4 22. f3 cxd4 23. fxe4 dxc3 24. bxc3 Re5 25. Nc6 Ree8 26. Rab1 d5 27.
exd5 Rxe1+ 28. Rxe1 g6 29. Re7 Rc8 30. Kf2 Kf8 31. c4 h6 32. a4 Kg7 33. a5 Kf8
34. Kf3 h5 35. Kf4 f6 36. Re6 Kg7 37. g3 Rf8 38. Re7+ Rf7 39. Rxf7+ Kxf7 40. Nb4
Ke7 41. c5 Kd7 42. Nxa6 c6 43. Nb8+ Kc7 44. Nxc6 Kb7 45. Nb4 Kc7 46. d6+ Kd7 47.
a6 1-0

[Event "AUTO-OPEN-1671"]
[Site "http://www.queenalice.com/game.php?id=643202"]
[Date "2009.8.27"]
[Round "1"]
[White "ryrich"]
[Black "Vetao"]
[Result "1-0"]
[WhiteElo "1100"]
[BlackElo "1765"]

1. e4 e5 2. Nf3 Qf6 3. Bc4 Nh6 4. d4 Nc6 5. Bg5 Qg6 6. Nc3 exd4 7. Bxh6 dxc3 8.
Bc1 cxb2 9. Bxb2 Qxg2 10. Rg1 Qh3 11. Bxf7+ Kd8 12. a3 d6 13. Bc1 Qd7 14. Qd5
Ne7 15. Bg5 c6 16. Qa5+ b6 17. Qc3 Bb7 18. Nd4 Kc7 19. O-O-O Bc8 20. Be6 Qe8 21.
Nb5+ Kb8 22. Nxd6 Qg6 23. Nxc8 Qxe6 24. Nxe7 Bxe7 25. Qxg7 Bxg5+ 26. Qxg5 Rc8
27. Rd8 a5 28. Qf4+ Kb7 29. Rg7+ Ka6 30. Rdd7 Rf8 31. Qe3 Rg8 32. a4 Rxg7 33.
Qd3+ b5 34. axb5+ Kb6 35. Qd4+ Kxb5 36. Rxg7 Qh6+ 37. Kd1 Rd8 38. Qxd8 Qxg7 39.
Qd3+ Kb6 40. c3 Qg1+ 41. Ke2 Qxh2 42. Qd4+ c5 43. Qd8+ Qc7 44. Qf6+ Kb5 45. e5
h5 46. e6 Qc6 47. Qf7 Qe4+ 48. Kd2 a4 49. e7 1-0

[Event "AUTO-OPEN-1671"]
[Site "http://www.queenalice.com/game.php?id=643203"]
[Date "2009.8.27"]
[Round "1"]
[White "Vetao"]
[Black "ryrich"]
[Result "0-1"]
[WhiteElo "1785"]
[BlackElo "1100"]

1. e4 e5 2. Bc4 Nc6 3. Qf3 Qe7 4. Nc3 Nf6 5. d3 d6 6. h3 Nd4 7. Qd1 Be6 8. Nge2
Bxc4 9. dxc4 Nc6 10. Bg5 O-O-O 11. Nd5 Qe6 12. a3 Be7 13. O-O h6 14. Be3 Nxe4
15. Nec3 Nxc3 16. Nxe7+ Nxe7 17. bxc3 Qxc4 18. Bxa7 b6 19. Rb1 Nd5 20. Qg4+ Qxg4
21. hxg4 Kb7 22. Bxb6 Nxb6 23. Rb4 Ra8 24. Ra1 Ra4 25. f3 Rxb4 26. cxb4 Na4 27.
Rc1 Nc3 28. Kf2 Ra8 29. Ra1 Kc6 30. Ke3 Nd5+ 31. Kd3 Nxb4+ 32. Kc3 Nd5+ 33. Kb3
Kc5 34. c4 Rb8+ 35. Kc2 Kxc4 36. Rc1 Kc5 37. Kd3+ Kb6 38. Kc4 Ne3+ 39. Kb4 c5+
40. Ka4 Ra8+ 41. Kb3 Nxg2 42. Ka2 Nf4 43. Rb1+ Kc7 44. Rb5 Rb8 45. Ra5 c4 46.
Ra7+ Rb7 47. Ra4 d5 48. Ra5 c3 49. Rc5+ Kb6 50. Rxc3 Ka7 51. a4 d4 52. Rc5 f6
53. a5 Ka6 54. Ka3 Rb5 55. Rc7 Rxa5+ 56. Kb4 Rb5+ 57. Kc4 Rb4+ 58. Kc5 Ne6+ 59.
Kxb4 Nxc7 60. Kc4 g6 61. f4 h5 62. gxh5 gxh5 63. Kd3 h4 64. Ke2 h3 65. Kf2 d3
66. fxe5 f5 67. Ke3 h2 0-1

[Event "AUTO-OPEN-1671"]
[Site "http://www.queenalice.com/game.php?id=643204"]
[Date "2009.8.27"]
[Round "1"]
[White "ryrich"]
[Black "Gilney"]
[Result "1-0"]
[WhiteElo "1100"]
[BlackElo "1513"]

1. d4 Nc6 2. c4 e6 3. e4 Bb4+ 4. Nc3 e5 5. d5 Nd4 6. Nf3 Qf6 7. Be2 a6 8. Bg5
Qb6 9. Be3 Qg6 10. O-O Nf6 11. Nxd4 exd4 12. Qxd4 O-O 13. e5 c5 14. Qd1 Ng4 15.
Bxg4 Re8 16. f4 f5 17. Bh5 Qh6 18. d6 Kh8 19. Nd5 Rg8 20. Ne7 b5 21. Nxg8 Kxg8
22. Qd5+ Kh8 23. Qxa8 g6 24. Qxc8+ Kg7 25. Qxd7+ Kg8 26. Bf3 bxc4 27. Bd5+ Kh8
28. Qe8+ Kg7 29. Qg8# 1-0

[Event "AUTO-OPEN-1671"]
[Site "http://www.queenalice.com/game.php?id=643205"]
[Date "2009.8.27"]
[Round "1"]
[White "Gilney"]
[Black "ryrich"]
[Result "0-1"]
[WhiteElo "1513"]
[BlackElo "1100"]

1. e4 e5 2. Bc4 Nc6 3. c3 Nf6 4. h4 Nxe4 5. Qh5 d5 6. Bb3 Nf6 7. Qf3 Bg4 8. Qe3
Bd6 9. f3 Be6 10. g4 Qe7 11. Nh3 d4 12. cxd4 Nxd4 13. Ba4+ Bd7 14. g5 Bxa4 15.
b3 Nc2+ 16. Ke2 Nxe3 17. Kxe3 Bc5+ 18. Ke2 Bb5+ 19. d3 Nd5 20. Kd1 O-O-O 21. Re1
Bxd3 22. Bd2 Bxb1 23. Rxb1 Nc3+ 24. Kc2 Nxb1 25. Rxb1 Rxd2+ 26. Kxd2 Qd7+ 27.
Kc2 Qxh3 28. b4 Bd4 29. Rb3 Rd8 30. f4 Qh2+ 31. Kd3 Qxa2 32. Kc4 b5+ 33. Kxb5
Qxb3 34. fxe5 Rd5+ 35. Kc6 Qc4# 0-1

[Event "Let's Play Chess!"]
[Site "http://www.queenalice.com/game.php?id=643885"]
[Date "2009.8.29"]
[Round "-"]
[White "Bergman"]
[Black "ryrich"]
[Result "1-0"]
[WhiteElo "2733"]
[BlackElo "1100"]

1. f4 Nf6 2. Nf3 b6 3. b3 Bb7 4. Bb2 e6 5. g3 d5 6. Bg2 Nbd7 7. c4 dxc4 8. bxc4
Be7 9. O-O O-O 10. Nc3 Ng4 11. h3 Ngf6 12. Qc2 Nh5 13. Ng5 Bxg5 14. Bxb7 Rb8 15.
Bg2 Be7 16. g4 Nhf6 17. Nb5 a6 18. Na7 1-0

[Event "Let's Play Chess!"]
[Site "http://www.queenalice.com/game.php?id=643903"]
[Date "2009.8.29"]
[Round "-"]
[White "ryrich"]
[Black "Bergman"]
[Result "0-1"]
[WhiteElo "1100"]
[BlackElo "2752"]

1. e4 d6 2. d4 Nf6 3. Nc3 g6 4. Be3 Bg7 5. Qd2 O-O 6. O-O-O c6 7. f3 b5 8. Bh6
b4 9. Nce2 Qa5 10. Kb1 Bxh6 11. Qxh6 c5 12. Nc1 Nc6 13. Nb3 Qb6 14. dxc5 dxc5
15. h4 Be6 16. g4 c4 17. g5 cxb3 18. gxf6 bxc2+ 19. Kxc2 b3+ 20. Kb1 bxa2+ 21.
Ka1 exf6 22. h5 Na5 0-1

[Event "Let's Play Chess!"]
[Site "http://www.queenalice.com/game.php?id=645841"]
[Date "2009.9.2"]
[Round "-"]
[White "yclaudiu35"]
[Black "ryrich"]
[Result "1-0"]
[WhiteElo "1926"]
[BlackElo "1100"]

1. e4 c5 2. Qf3 Nc6 3. c3 Nf6 4. h3 d5 5. exd5 Qxd5 6. Na3 a6 7. Bc4 Qe4+ 8.
Qxe4 Nxe4 9. d3 Nf6 10. Be3 Bf5 11. Bxc5 b5 12. Bb3 e6 13. Bxf8 Rxf8 14. d4
O-O-O 15. Nf3 h6 16. O-O Be4 17. Nd2 Bh7 18. f3 Ne7 19. Nc2 a5 20. Ne3 Nf5 21.
Nxf5 Bxf5 22. a4 b4 23. Nc4 Bd3 24. Nxa5 Bxf1 25. Kxf1 bxc3 26. bxc3 Nd5 27.
Bxd5 Rxd5 28. Nc4 Kb7 29. Ke2 Ka7 30. Rb1 Rb8 31. Rc1 Rc8 32. Kd3 Rb8 33. a5
Rdb5 34. Ne5 R8b7 35. Nc4 Rb1 36. Rc2 Ra1 37. h4 Rbb1 38. Nd6 f5 39. Ne8 g5 40.
hxg5 hxg5 41. Ng7 Rd1+ 42. Kc4 Ra4+ 43. Kb5 Rda1 44. Nxe6 Rxa5+ 45. Kc4 f4 46.
Kd3 Re1 47. Nc5 Kb6 48. Ne4 Kc6 49. c4 g4 50. d5+ Kc7 51. fxg4 Ra3+ 52. Nc3 Kd6
53. Kd4 1-0

[Event "Let's Play Chess!"]
[Site "http://www.queenalice.com/game.php?id=645844"]
[Date "2009.9.2"]
[Round "-"]
[White "ryrich"]
[Black "yclaudiu35"]
[Result "1-0"]
[WhiteElo "1100"]
[BlackElo "1871"]

1. d4 d5 2. c4 dxc4 3. e4 Nf6 4. e5 Nd5 5. Bxc4 Nb6 6. Bb3 Nc6 7. Nf3 Bg4 8.
Bxf7+ Kxf7 9. Ng5+ Kg8 10. Qxg4 Qd7 11. Qf3 e6 12. Be3 Bb4+ 13. Nc3 Nd5 14. Rc1
h6 15. Ne4 Rf8 16. Qg4 Nxe3 17. fxe3 Be7 18. Ne2 Kh7 19. Nf4 Qe8 20. Nxe6 1-0

[Event "Let's Play Chess!"]
[Site "http://www.queenalice.com/game.php?id=647075"]
[Date "2009.9.4"]
[Round "-"]
[White "Cueball600"]
[Black "ryrich"]
[Result "1-0"]
[WhiteElo "2275"]
[BlackElo "1132"]

1. e4 e5 2. Nf3 Nc6 3. Bc4 Bc5 4. c3 Nf6 5. d4 exd4 6. cxd4 Bb4+ 7. Nc3 Nxe4 8.
O-O Bxc3 9. bxc3 d5 10. Bb3 O-O 11. Ba3 Re8 12. Re1 Bg4 13. Qd3 Bxf3 14. Qxf3
Re6 15. Bc2 Rf6 16. Qe3 Re6 17. Qf3 Rf6 18. Qe3 Re6 19. Rad1 Na5 20. Qc1 Qh4 21.
Bxe4 dxe4 22. Qb1 Rh6 23. h3 Nc4 24. Qxb7 Re8 25. Qb5 1-0

[Event "Let's Play Chess!"]
[Site "http://www.queenalice.com/game.php?id=647076"]
[Date "2009.9.4"]
[Round "-"]
[White "ryrich"]
[Black "Cueball600"]
[Result "0-1"]
[WhiteElo "1132"]
[BlackElo "2270"]

1. e4 e5 2. Nf3 Nc6 3. Bb5 a6 4. Bxc6 dxc6 5. O-O f6 6. d4 exd4 7. Qxd4 Qxd4 8.
Nxd4 c5 9. Nf3 c4 10. Re1 Be6 11. Bf4 O-O-O 12. a4 Ne7 13. Rc1 Ng6 14. Bg3 Bb4
15. c3 Bc5 16. Nbd2 h5 17. h3 h4 18. Bh2 Rd3 19. Rcb1 Rhd8 20. b4 cxb3 21. Nxb3
Bxb3 0-1

[Event "Autumn game #4"]
[Site "http://www.queenalice.com/game.php?id=650508"]
[Date "2009.9.11"]
[Round "-"]
[White "ryrich"]
[Black "attachui"]
[Result "1-0"]
[WhiteElo "1132"]
[BlackElo "1926"]

1. e4 d6 2. d4 c5 3. dxc5 Qa5+ 4. Nc3 Qxc5 5. Be3 Qa5 6. Bb5+ Bd7 7. Qe2 a6 8.
Bd3 g6 9. Nf3 Bg7 10. Qd2 Nf6 11. h3 Nc6 12. O-O Rc8 13. a3 O-O 14. Bh6 Qh5 15.
Bxg7 Kxg7 16. Rfe1 Bxh3 17. Re3 Bg4 18. Be2 e5 19. Nh2 Bxe2 20. Nxe2 Ng4 21. Rh3
Nxh2 22. Rxh5 Nf3+ 23. gxf3 gxh5 24. Qg5+ Kh8 25. Qf6+ Kg8 26. Kh2 1-0

[Event "Let's Play Chess!"]
[Site "http://www.queenalice.com/game.php?id=655751"]
[Date "2009.9.21"]
[Round "-"]
[White "drd123"]
[Black "ryrich"]
[Result "1-0"]
[WhiteElo "2082"]
[BlackElo "1162"]

1. c4 Nf6 2. Nc3 e6 3. g3 Bb4 4. Bg2 O-O 5. d3 d5 6. cxd5 exd5 7. a3 Bxc3+ 8.
bxc3 c6 9. Nf3 Bf5 10. O-O Nbd7 11. Bd2 Re8 12. h3 Nc5 13. Rc1 Qe7 14. Re1 Ncd7
15. Nh4 Be6 16. f4 Nf8 17. f5 Bd7 18. e4 dxe4 19. dxe4 Qxa3 20. e5 Nd5 21. Ra1
Qc5+ 22. Kh1 Nxc3 23. Qc2 Rxe5 24. Qxc3 Rxe1+ 25. Rxe1 Qxc3 26. Bxc3 Re8 27. Rd1
g5 28. fxg6 fxg6 29. Bf1 b5 30. Bg2 Re3 31. Bb4 Be8 32. Rd8 Kf7 33. Bxf8 Kxf8
34. Bxc6 Kf7 35. Bxe8+ Rxe8 36. Rd5 a6 37. Nf3 b4 38. Nd2 Rb8 39. Nb3 Rc8 40.
Rd4 Rb8 41. Kg2 Rb5 42. Kf3 a5 43. Rd7+ Kg8 44. Ra7 Rd5 45. Nxa5 Rd3+ 46. Kf4
1-0

[Event "Let's Play Chess!"]
[Site "http://www.queenalice.com/game.php?id=655752"]
[Date "2009.9.21"]
[Round "-"]
[White "ryrich"]
[Black "drd123"]
[Result "1-0"]
[WhiteElo "1132"]
[BlackElo "2119"]

1. e4 e5 2. Nf3 Nc6 3. Bb5 a6 4. Ba4 Nf6 5. O-O Be7 6. Re1 b5 7. Bb3 O-O 8. h3
d6 9. c3 Na5 10. Bc2 c5 11. d4 Qc7 12. Nbd2 Re8 13. Nf1 Bf8 14. Ng3 g6 15. b3
Bb7 16. Bg5 Nd7 17. Qd2 cxd4 18. cxd4 Rac8 19. Rac1 Qc3 20. Qd1 exd4 21. Nxd4
Bg7 22. Nde2 Qc7 23. Bf4 Bb2 24. Bxd6 Qc6 25. Qd2 Bxc1 26. Rxc1 Qb6 27. Bb4 Nc6
28. Ba3 Rcd8 29. Bb2 f6 30. Qh6 Nce5 31. Bd4 Qd6 32. b4 Nf7 33. Bb3 Ne5 34. Bxe5
Qxe5 35. Bxf7+ Kxf7 36. Qxh7+ Ke6 37. Qxb7 Rd6 38. Rc7 Qa1+ 39. Kh2 g5 40. Rh7
Ke5 41. f4+ gxf4 42. Rh5+ 1-0